000
00309nam a22001217a 4500
020
_a
13-250167-8
082
_a
621.38152 POW'E
100
_a
POWER, THOMS C
_9
78136
245
_a
ELECTRIC TUBES AND SEMICONDUCTOR LABORATORY MANUAL
260
_a
NEWJERSCY
_b
PRENTICE HALL
_c
1970
300
_a
127P
942
_c
BK
999
_c
583297
_d
583297